[Event "Tournoi francophone 004 Groupe E"]
[Site "Skype"]
[Date "????.??.??"]
[Round "6.3"]
[White "Ambrosino, Theo"]
[Black "Frigon, Julian"]
[Result "1-0"]
[WhiteElo "1000"]
[BlackElo "1013"]
[PlyCount "41"]

1. d4 g6 2. Nf3 Bg7 3. Bf4 d6 4. Nc3 e6 5. e3 Ne7 6. Bd3 Nd7 7. O-O b6 8. h3
Bb7 9. a4 c5 10. dxc5 Nxc5 11. Bb5+ Bc6 12. Bxd6 Bd7 13. Bxe7 Qxe7 14. Bxd7+
Nxd7 15. a5 Qb4 16. axb6 Qxb6 17. Rb1 O-O 18. Qxd7 Rfd8 19. Qb5 Qxb5 20. Nxb5
Rdb8 21. Nc7 1-0

[Event "Tournoi francophone 004 Groupe E"]
[Site "Skype"]
[Date "????.??.??"]
[Round "6.4"]
[White "Lequeux, Pierre"]
[Black "Douichi, Mohammed"]
[Result "1-0"]
[WhiteElo "1181"]
[BlackElo "1209"]
[PlyCount "93"]

1. Nf3 d5 2. d4 Bf5 3. e3 Be4 4. Ne5 Nf6 5. Nd2 e6 6. Nef3 Be7 7. Nxe4 Nxe4 8.
Bd3 Nf6 9. Bb5+ c6 10. Bd3 O-O 11. O-O Nbd7 12. c4 dxc4 13. Bxc4 Ne4 14. Bd3
Nef6 15. Bd2 Qc7 16. Qe1 Nd5 17. Ba5 b6 18. Bc3 Nxc3 19. bxc3 Nf6 20. h3 Rfd8
21. e4 e5 22. Nxe5 Ba3 23. Qb1 c5 24. Qb3 c4 25. Bxc4 Nxe4 26. Rad1 Nd6 27.
Bxf7+ Nxf7 28. Qxa3 Nxe5 29. dxe5 Rxd1 30. Rxd1 Qxe5 31. Qb3+ Kh8 32. c4 a5 33.
Qxb6 Qe7 34. Qc6 Qf8 35. a4 Rc8 36. Qb5 Ra8 37. c5 Qf5 38. Qb6 Qc8 39. c6 Rb8
40. Qc5 Qa6 41. c7 Re8 42. Rd8 Qe6 43. c8=Q Qe1+ 44. Kh2 h6 45. Rxe8+ Qxe8 46.
Qxe8+ Kh7 47. Qc2+ 1-0

[Event "Tournoi francophone 004 Groupe E"]
[Site "Skype"]
[Date "????.??.??"]
[Round "6.5"]
[White "Mimouni, Driss"]
[Black "Lecluyse, Koenraad"]
[Result "0-1"]
[WhiteElo "1000"]
[BlackElo "1300"]
[PlyCount "42"]

1. e4 e5 2. Nf3 Nc6 3. Bb5 a6 4. Ba4 Nf6 5. Nxe5 Nxe5 6. d4 Ng6 7. e5 Nd5 8.
O-O Bb4 9. c3 Ba5 10. Bd2 O-O 11. c4 Nb4 12. a3 Nc6 13. d5 Bxd2 14. Qxd2 Ncxe5
15. Nc3 Nxc4 16. Qc1 d6 17. b3 Nce5 18. b4 Qf6 19. f3 Nh4 20. b5 Qg6 21. Bc2
Qxg2# 0-1

[Event "Tournoi francophone 004 Groupe E"]
[Site "Skype"]
[Date "????.??.??"]
[Round "6.6"]
[White "Martin, Elise"]
[Black "Schnell, Nicolas"]
[Result "1-0"]
[WhiteElo "1070"]
[BlackElo "1000"]
[PlyCount "71"]

1. d4 e6 2. e4 Bd6 3. Nf3 Qf6 4. Nc3 Nc6 5. Bd3 Be7 6. Bb5 Nb4 7. Bd2 h5 8. Bd3
b6 9. Na4 Bb7 10. O-O g5 11. Nc3 Rh6 12. d5 e5 13. d6 cxd6 14. Nd5 Bf8 15.
Nxf6+ Rxf6 16. Bxg5 Rg6 17. a3 Nc6 18. b4 a5 19. bxa5 Rxa5 20. Qd2 Nge7 21.
Rfb1 f6 22. Bh4 d5 23. exd5 Nd8 24. Bxg6+ Nxg6 25. Qd3 Nf4 26. Qf5 Nf7 27. Qxf6
d6 28. Qe6+ Be7 29. Bxe7 Bxd5 30. Qc8+ Kxe7 31. Qc7+ Kf6 32. Qxb6 Be6 33. Qxa5
Ne2+ 34. Kf1 Bc4 35. Qb6 Kf5 36. Qb8 1-0

[Event "Tournoi francophone 004 Groupe E"]
[Site "Skype"]
[Date "????.??.??"]
[Round "6.7"]
[White "Bacha, Mehdi"]
[Black "Morin, Claude"]
[Result "0-1"]
[WhiteElo "1066"]
[BlackElo "1030"]
[PlyCount "62"]

1. d4 Nf6 2. e3 e6 3. f4 d5 4. Bd3 Bb4+ 5. c3 Bd6 6. Nf3 O-O 7. O-O c5 8. Ne5
Nbd7 9. Rf3 g6 10. Nd2 b6 11. Rh3 h5 12. Ndf3 Nxe5 13. fxe5 Be7 14. exf6 Bxf6
15. Bd2 c4 16. Bc2 Re8 17. Ba4 Re7 18. Qe2 e5 19. dxe5 Bxh3 20. exf6 Re6 21.
gxh3 Rxf6 22. Bc6 Rc8 23. Bb7 Rc7 24. Ba6 Qd7 25. Qg2 Kf8 26. Qg5 Rf5 27. Qh6+
Ke8 28. Qh8+ Ke7 29. Nh4 Rg5+ 30. Ng2 Qxh3 31. Bxc4 Qxg2# 0-1

[Event "Tournoi francophone 004 Groupe E"]
[Site "Skype"]
[Date "????.??.??"]
[Round "7.1"]
[White "Ambrosino, Theo"]
[Black "Maccaferri, Massimo"]
[Result "0-1"]
[WhiteElo "1000"]
[BlackElo "1252"]
[PlyCount "30"]

1. e4 e5 2. Nf3 Nc6 3. Nc3 Bc5 4. Bc4 Nd4 5. Nxe5 Qg5 6. Nxf7 Qxg2 7. Rf1 Bb4
8. Nxh8 Bxc3 9. dxc3 Qxe4+ 10. Kd2 Nf3+ 11. Qxf3 Qxf3 12. Re1+ Ne7 13. b3 Qxf2+
14. Kd1 d6 15. Bg5 Bg4+ 0-1

[Event "Tournoi francophone 004 Groupe E"]
[Site "Skype"]
[Date "????.??.??"]
[Round "7.2"]
[White "Vervoort, Jean-Louis"]
[Black "Bouffard, Georges"]
[Result "0-1"]
[WhiteElo "1155"]
[BlackElo "1234"]
[PlyCount "116"]

1. d4 e6 2. c4 c6 3. Nc3 Bb4 4. Bd2 Bd6 5. Nf3 Nf6 6. e3 Qe7 7. Bd3 h6 8. O-O
Nh7 9. c5 Bc7 10. b4 d6 11. Qb3 d5 12. h3 f5 13. b5 a6 14. b6 Bd8 15. Rfe1 Nd7
16. a4 O-O 17. Qc2 Ndf6 18. Re2 Kh8 19. Rae1 g5 20. a5 g4 21. hxg4 Nxg4 22. g3
Qg7 23. Kg2 Bg5 24. Nxg5 Nxg5 25. f3 Nf6 26. f4 Nge4 27. Bxe4 Nxe4 28. Nxe4
dxe4 29. Rh1 Rf6 30. Rh3 Qg4 31. Re1 Qf3+ 32. Kh2 Rg6 33. Rg1 Qg4 34. Rh4 Qe2+
35. Kh1 Qf3+ 36. Kh2 Bd7 37. Be1 h5 38. Qg2 Rag8 39. Qh3 Rh6 40. Rg2 Be8 41.
Bf2 Rg4 42. Be1 Qxe3 43. Bf2 Qf3 44. Be1 e3 45. Rxg4 fxg4 46. Qh4 Qe4 47. Bc3
Kg8 48. Qg5+ Qg6 49. Qh4 Qf5 50. Qg5+ Qxg5 51. fxg5 Rg6 52. Be1 Rxg5 53. Kh1
Rf5 54. Kg1 Rf3 55. Kh2 Rf2 56. Rxf2 exf2 57. Bxf2 Bg6 58. Be3 Bf5 0-1

[Event "Tournoi francophone 004 Groupe E"]
[Site "Skype"]
[Date "????.??.??"]
[Round "7.3"]
[White "Guillaume, Mickael"]
[Black "Lequeux, Pierre"]
[Result "1-0"]
[WhiteElo "1180"]
[BlackElo "1181"]
[PlyCount "106"]

1. c4 c5 2. Nf3 Nc6 3. d4 cxd4 4. Nxd4 Nxd4 5. Qxd4 h6 6. e4 d6 7. Bd2 e5 8.
Qd3 Be7 9. g3 Nf6 10. Bg2 Bd7 11. Nc3 a6 12. b4 b5 13. O-O Rb8 14. a3 Qc8 15.
Nd5 Nxd5 16. cxd5 O-O 17. Rac1 Qd8 18. f4 Bf6 19. f5 Ra8 20. Rc2 Bg5 21. h4
Bxd2 22. Qxd2 f6 23. h5 a5 24. Bh3 axb4 25. axb4 Rc8 26. Rxc8 Qxc8 27. Rc1 Qa6
28. Bf1 Qa4 29. Rc7 Rd8 30. Kh2 Bc8 31. Qc3 Bd7 32. Kh3 Qd1 33. Kg2 Qxh5 34. g4
Qe8 35. Qa3 Rc8 36. Rxc8 Qxc8 37. Bd3 Kh7 38. Kg3 Qg8 39. Qa6 g6 40. Qxd6 Qg7
41. Qc7 gxf5 42. exf5 h5 43. Be2 Bxf5 44. Qxg7+ Kxg7 45. gxh5 Bh7 46. Bxb5 Kf8
47. d6 f5 48. d7 Ke7 49. Bc6 f4+ 50. Kf3 Bf5 51. h6 e4+ 52. Kxf4 Bxd7 53. Bxd7
Kxd7 1-0

[Event "Tournoi francophone 004 Groupe E"]
[Site "Skype"]
[Date "????.??.??"]
[Round "7.4"]
[White "Douichi, Mohammed"]
[Black "Lecluyse, Koenraad"]
[Result "1-0"]
[WhiteElo "1209"]
[BlackElo "1300"]
[PlyCount "85"]

1. e4 e5 2. Nf3 Nc6 3. Bc4 Bc5 4. d3 d6 5. Ng5 Be6 6. Bxe6 fxe6 7. Nxe6 Qe7 8.
Nxc5 dxc5 9. Nd2 O-O-O 10. Nf3 Nf6 11. O-O h5 12. Bd2 Ng4 13. Bg5 Nf6 14. Nh4
Qf7 15. Qf3 Nd4 16. Qh3+ Kb8 17. Qe3 Rd6 18. Nf5 Re6 19. c3 Ng4 20. Qd2 Nxf5
21. exf5 Qxf5 22. f3 Nh6 23. Qe3 Rg6 24. Be7 Qh3 25. Rf2 Qe6 26. Bxc5 Nf5 27.
Bxa7+ Kc8 28. Qe4 h4 29. h3 Nd6 30. Qe3 Qxh3 31. Qxe5 Qe6 32. Qxe6+ Rxe6 33.
Bd4 Rg6 34. Be5 Nf5 35. d4 h3 36. g3 Nxg3 37. Bxg3 Rxg3+ 38. Kh2 Rg2+ 39. Rxg2
hxg2+ 40. Kxg2 g5 41. Kg3 Rh4 42. Re1 Rxd4 43. cxd4 1-0

[Event "Tournoi francophone 004 Groupe E"]
[Site "Skype"]
[Date "????.??.??"]
[Round "7.6"]
[White "Martin, Elise"]
[Black "Bacha, Mehdi"]
[Result "0-1"]
[WhiteElo "1070"]
[BlackElo "1066"]
[PlyCount "116"]

1. e4 e5 2. Nf3 d6 3. Bc4 Be6 4. Bb5+ Bd7 5. c4 a6 6. Bxd7+ Qxd7 7. d3 Nc6 8.
Nc3 Nd4 9. Ng5 f6 10. Nh3 Ne7 11. Qh5+ g6 12. Qd1 f5 13. Qh5 gxh5 14. O-O Nc2
15. Rb1 Nc6 16. Nd5 Qg7 17. Bg5 Rc8 18. Nf6+ Kf7 19. Nd7 Be7 20. Bxe7 Kxe7 21.
Nc5 dxc5 22. Rbc1 N6d4 23. a4 Rhg8 24. g3 Rcf8 25. exf5 Rxf5 26. a5 Nf3+ 27.
Kh1 Qg4 28. Ng1 Ne3 29. h3 Qh4 30. Nxf3 Qxg3 31. fxg3 Nxf1 32. Rxf1 Rxg3 33.
Nh2 Rxf1+ 34. Nxf1 Rxh3+ 35. Kg2 Rxd3 36. Nh2 h4 37. Ng4 h3+ 38. Kf2 e4 39. Ne5
Rd2+ 40. Kg1 h2+ 41. Kh1 Ke6 42. Ng4 e3 43. Nxe3 Rxb2 44. Nd1 Rd2 45. Ne3 Ke5
46. Ng4+ Ke4 47. Nf6+ Kd4 48. Nxh7 Kxc4 49. Nf6 Kd4 50. Ne8 c4 51. Nxc7 c3 52.
Ne6+ Kd3 53. Nf4+ Ke4 54. Nh3 c2 55. Nf2+ Ke3 56. Ng4+ Kd3 57. Nxh2 c1=Q+ 58.
Nf1 Qxf1# 0-1

[Event "Tournoi francophone 004 Groupe E"]
[Site "Skype"]
[Date "????.??.??"]
[Round "8.1"]
[White "Bouffard, Georges"]
[Black "Guillaume, Mickael"]
[Result "1-0"]
[WhiteElo "1234"]
[BlackElo "1180"]
[PlyCount "83"]

1. d4 d5 2. Nc3 Nc6 3. e3 a6 4. f4 e6 5. a3 Be7 6. Nf3 Bf6 7. Ne2 Nge7 8. Ng3
g6 9. c3 Nf5 10. e4 Nxg3 11. hxg3 dxe4 12. Ne5 Nxe5 13. fxe5 Bg7 14. Bc4 c6 15.
Be3 b5 16. Bb3 a5 17. Qc2 f5 18. O-O h5 19. Bf4 Bh6 20. Qf2 Bg5 21. Qe3 Be7 22.
Qe2 Ra7 23. Be3 Rc7 24. Bf2 Kd7 25. Rfd1 Ke8 26. Rac1 h4 27. g4 Bg5 28. Be3 h3
29. g3 h2+ 30. Kh1 Kf7 31. Qg2 Bxe3 32. Rc2 Qg5 33. gxf5 gxf5 34. Rf1 Qh5 35.
g4 Qh3 36. gxf5 Qxg2+ 37. Rxg2 Kf8 38. fxe6+ Ke7 39. Rf7+ Kd8 40. Rgg7 Rxf7 41.
exf7 Ke7 42. Rg8 1-0

[Event "Tournoi francophone 004 Groupe E"]
[Site "Skype"]
[Date "????.??.??"]
[Round "8.2"]
[White "Maccaferri, Massimo"]
[Black "Vervoort, Jean-Louis"]
[Result "0-1"]
[WhiteElo "1252"]
[BlackElo "1155"]
[PlyCount "74"]

1. e4 e5 2. Bc4 Nf6 3. Nc3 Bc5 4. Nd5 c6 5. Nxf6+ Qxf6 6. d3 h6 7. Qf3 Qxf3 8.
gxf3 d6 9. Nh3 Bxh3 10. Rg1 O-O 11. Bxh6 Kh7 12. Bxg7 Rg8 13. Rg3 Rxg7 14.
Rxh3+ Kg8 15. O-O-O Nd7 16. Rg3 Bxf2 17. Rg4 Nf6 18. Rf1 Nxg4 19. h3 Be3+ 20.
Kd1 Nh2 21. Rh1 Nxf3 22. Ke2 Nd2 23. Kxe3 Nxc4+ 24. dxc4 Kh7 25. h4 Rag8 26.
Rd1 Rg3+ 27. Kd2 Rg2+ 28. Kc3 R8g3+ 29. Kb4 Rxc2 30. Rxd6 Rxb2+ 31. Kc5 Ra3 32.
Rd7 Ra5+ 33. Kd6 Rd2+ 34. Kc7 Rxd7+ 35. Kxd7 Rxa2 36. Kc7 Rb2 37. c5 a5 0-1

[Event "Tournoi francophone 004 Groupe E"]
[Site "Skype"]
[Date "????.??.??"]
[Round "8.3"]
[White "Mimouni, Driss"]
[Black "Ambrosino, Theo"]
[Result "0-1"]
[WhiteElo "1000"]
[BlackElo "1000"]
[PlyCount "58"]

1. e4 e5 2. b3 Nc6 3. d3 Nf6 4. Nf3 h6 5. Bb2 Bd6 6. Nc3 Bb4 7. d4 exd4 8. Nxd4
Nxe4 9. Qd3 d5 10. Nxc6 bxc6 11. f3 Nxc3 12. Bxc3 Bxc3+ 13. Qxc3 O-O 14. Qxc6
Be6 15. c4 Re8 16. Rd1 Bd7+ 17. Be2 Bxc6 18. O-O Rxe2 19. Rde1 Rxe1 20. Rxe1
dxc4 21. bxc4 Qd4+ 22. Kf1 Qxc4+ 23. Kf2 Qh4+ 24. g3 Qxh2+ 25. Ke3 Re8+ 26. Kf4
Qd2+ 27. Re3 Qxe3+ 28. Kg4 Bd7+ 29. Kh4 Qg5# 0-1

[Event "Tournoi francophone 004 Groupe E"]
[Site "Skype"]
[Date "????.??.??"]
[Round "8.4"]
[White "Lequeux, Pierre"]
[Black "Morin, Claude"]
[Result "1-0"]
[WhiteElo "1181"]
[BlackElo "1030"]
[PlyCount "105"]

1. e4 e5 2. Nf3 d6 3. h3 Nf6 4. Nc3 Be7 5. Bb5+ Nbd7 6. Nd5 a6 7. Nxf6+ Bxf6 8.
Be2 O-O 9. d3 b6 10. O-O Re8 11. Bd2 Bb7 12. Bb4 c5 13. Bc3 h6 14. b4 Rc8 15.
Nd2 d5 16. exd5 Bxd5 17. Bf3 e4 18. Bxf6 Nxf6 19. dxe4 Be6 20. a3 c4 21. Qe2 c3
22. Nb1 b5 23. a4 Bc4 24. Qe1 Bxf1 25. Qxf1 Qd4 26. axb5 axb5 27. Qxb5 Re5 28.
Qd3 Qxb4 29. Qe2 Qb2 30. Qa6 Rd8 31. Qa2 Rd1+ 32. Bxd1 Qxa2 33. Rxa2 Nxe4 34.
Ra3 Rf5 35. f3 Nc5 36. Nxc3 Re5 37. Kh2 Re1 38. f4 Ne6 39. f5 Ng5 40. Ra8+ Kh7
41. h4 g6 42. hxg5 gxf5 43. gxh6 Kxh6 44. Bf3 Rf1 45. Nd5 Kg5 46. Kg3 f4+ 47.
Nxf4 Rc1 48. Rc8 Ra1 49. Rg8+ Kf5 50. Bg4+ Ke4 51. Rf8 Ra2 52. c3 Ra3 53. Re8#
1-0

[Event "Tournoi francophone 004 Groupe E"]
[Site "Skype"]
[Date "????.??.??"]
[Round "8.5"]
[White "Douichi, Mohammed"]
[Black "Martin, Elise"]
[Result "1-0"]
[WhiteElo "1209"]
[BlackElo "1070"]
[PlyCount "105"]

1. b4 e5 2. Bb2 d6 3. e4 Nf6 4. d3 g6 5. Nf3 Bg7 6. Be2 Nc6 7. c3 O-O 8. Nbd2
Be6 9. d4 exd4 10. cxd4 Nxb4 11. d5 Bg4 12. a3 Na6 13. O-O c5 14. dxc6 bxc6 15.
Bxa6 Qb6 16. Bxf6 Bxf6 17. Rb1 Qxa6 18. a4 Qd3 19. Rb3 Qa6 20. Qc2 Qxa4 21. h3
Be6 22. e5 dxe5 23. Qb2 c5 24. Ra3 Rab8 25. Qc1 Qc6 26. Rxa7 c4 27. Re1 c3 28.
Ne4 Bg7 29. Nxc3 Qc5 30. Ra3 e4 31. Nxe4 Qxc1 32. Rxc1 Bh6 33. Rd1 Rb5 34. Nd6
Rfb8 35. Nxb5 Rxb5 36. Nd4 Rb6 37. Nf3 Bf8 38. Ra8 Bd5 39. Rxd5 Rb1+ 40. Kh2 h5
41. Rdd8 Kg7 42. Rxf8 f5 43. Rg8+ Kf7 44. Ng5+ Kf6 45. Nh7+ Kf7 46. Raf8+ Ke6
47. Rxg6+ Ke5 48. Re8+ Kf4 49. g3+ Kf3 50. Ng5+ Kxf2 51. Ne4+ Kf1 52. Nd2+ Kf2
53. Nxb1 1-0

[Event "Tournoi francophone 004 Groupe E"]
[Site "Skype"]
[Date "????.??.??"]
[Round "8.6"]
[White "Lecluyse, Koenraad"]
[Black "Bacha, Mehdi"]
[Result "1-0"]
[WhiteElo "1300"]
[BlackElo "1066"]
[PlyCount "63"]

1. d4 d5 2. Nf3 e6 3. Bf4 Bb4+ 4. c3 Bd6 5. Bg3 Ne7 6. e3 Nf5 7. Bd3 Nd7 8.
Nbd2 O-O 9. Qc2 Nb6 10. e4 dxe4 11. Nxe4 Nxg3 12. hxg3 Be7 13. O-O-O Bd7 14.
Nh4 Ba4 15. b3 Bd7 16. f4 f5 17. Ng5 Bxg5 18. fxg5 Qxg5+ 19. Kb2 Nd5 20. Rde1
b5 21. Re5 Ne3 22. Qe2 Ng4 23. Nf3 Qe7 24. Rc5 Nf6 25. Bxb5 Bxb5 26. Rxb5 a6
27. Re5 Rae8 28. Ng5 Nd7 29. Rxe6 Qd8 30. Rxe8 Rxe8 31. Qc4+ Kh8 32. Rxh7# 1-0

[Event "Tournoi francophone 004 Groupe E"]
[Site "Skype"]
[Date "????.??.??"]
[Round "9.1"]
[White "Ambrosino, Theo"]
[Black "Bouffard, Georges"]
[Result "0-1"]
[WhiteElo "1000"]
[BlackElo "1234"]
[PlyCount "114"]

1. e4 e5 2. Nf3 d6 3. Bc4 Nh6 4. h3 Be7 5. d3 Nd7 6. Nc3 c6 7. a4 a6 8. O-O Nf8
9. d4 Ng6 10. dxe5 dxe5 11. Qxd8+ Bxd8 12. Bg5 f6 13. Bxh6 gxh6 14. h4 Nf8 15.
b4 Be6 16. Nd2 Bxc4 17. Nxc4 Bc7 18. g3 Ne6 19. Ne2 O-O 20. a5 Rad8 21. Rad1
Rf7 22. Rxd8+ Bxd8 23. f4 Bc7 24. fxe5 Bxe5 25. Nxe5 fxe5 26. Rd1 Nc7 27. c4
Kg7 28. g4 Kf6 29. Rd6+ Ne6 30. g5+ hxg5 31. hxg5+ Ke7 32. c5 Nxg5 33. Ng3 Rf6
34. Nf5+ Kf7 35. Rd7+ Kg6 36. Ng3 Rf7 37. Rd6+ Rf6 38. Nh5 Re6 39. Ng3 h5 40.
Nf5 Kf6 41. Nh6 Nxe4 42. Ng8+ Kf5 43. Nh6+ Kf6 44. Ng8+ Kf7 45. Nh6+ Ke7 46.
Nf5+ Kf6 47. Nh6 Nxd6 48. cxd6 Rxd6 49. Ng8+ Kf5 50. Ne7+ Ke4 51. Nc8 Rd1+ 52.
Kf2 Rd2+ 53. Kg3 Rd3+ 54. Kh4 Kf4 55. Kxh5 e4 56. Nb6 e3 57. Nc4 e2 0-1

[Event "Tournoi francophone 004 Groupe E"]
[Site "Skype"]
[Date "????.??.??"]
[Round "9.2"]
[White "Lequeux, Pierre"]
[Black "Maccaferri, Massimo"]
[Result "0-1"]
[WhiteElo "1181"]
[BlackElo "1252"]
[PlyCount "74"]

1. d4 d5 2. c4 e6 3. cxd5 exd5 4. e3 Be7 5. Nf3 h5 6. h3 Nc6 7. a3 Bf6 8. Nc3
g5 9. Bd3 g4 10. Nd2 Bh4 11. Kf1 Qf6 12. f3 Nh6 13. Nxd5 Qd8 14. Nf4 gxh3 15.
gxh3 Qf6 16. Nd5 Qd8 17. Be4 Bf5 18. Nf4 Bxe4 19. fxe4 Qf6 20. Qxh5 O-O-O 21.
Qd1 Nxd4 22. Nf3 Ndf5 23. exf5 Nxf5 24. Bd2 Nxe3+ 25. Ke2 Nxd1 26. Raxd1 Qxb2
27. Nxh4 Rxh4 28. Ng2 Rhd4 29. Rb1 Qxd2+ 30. Kf3 Rd3+ 31. Ke4 Re8+ 32. Kf5 Qa5+
33. Kf6 Rd6+ 34. Kxf7 Qf5+ 35. Kxe8 Qg6+ 36. Kf8 Rf6+ 37. Ke7 Qf7# 0-1

[Event "Tournoi francophone 004 Groupe E"]
[Site "Skype"]
[Date "????.??.??"]
[Round "9.3"]
[White "Vervoort, Jean-Louis"]
[Black "Douichi, Mohammed"]
[Result "1-0"]
[WhiteElo "1155"]
[BlackElo "1209"]
[PlyCount "73"]

1. d4 d5 2. c4 dxc4 3. e4 b5 4. e5 e6 5. Nf3 Bb7 6. Nc3 a6 7. Bg5 Be7 8. Bxe7
Nxe7 9. b3 cxb3 10. axb3 c6 11. Bd3 Nd7 12. O-O O-O 13. Qc2 g6 14. b4 Nb6 15.
Ne2 Nbd5 16. Ra2 Nxb4 17. Qb3 Nxa2 18. Qxa2 c5 19. Rd1 Bd5 20. Qb2 c4 21. Bc2
Qb6 22. Qb1 a5 23. Qc1 b4 24. Qh6 Bxf3 25. gxf3 Kh8 26. Kh1 Ng8 27. Qg5 c3 28.
Ng1 b3 29. Be4 h6 30. Qg2 c2 31. Re1 Rad8 32. Ne2 a4 33. f4 Qb4 34. Rg1 Qd2 35.
Bxg6 Qxe2 36. Bh5 Ne7 37. Qg7# 1-0

[Event "Tournoi francophone 004 Groupe E"]
[Site "Skype"]
[Date "????.??.??"]
[Round "9.4"]
[White "Guillaume, Mickael"]
[Black "Martin, Elise"]
[Result "1-0"]
[WhiteElo "1180"]
[BlackElo "1070"]
[PlyCount "75"]

1. e4 e5 2. Nf3 Nc6 3. d3 Bc5 4. Bg5 Nf6 5. Bxf6 Qxf6 6. Be2 d6 7. h3 Qg6 8.
Nh4 Qf6 9. Nf3 Be6 10. c3 O-O 11. O-O h6 12. Nh2 Qg6 13. Bg4 Bxg4 14. Nxg4 Ne7
15. Qf3 d5 16. exd5 Nf5 17. Nd2 Nh4 18. Qg3 Nf5 19. Qxe5 Nh4 20. Qg3 Be7 21.
Rae1 Rfe8 22. Re2 Rad8 23. c4 Nf5 24. Qxc7 Nd4 25. Rxe7 Qg5 26. Rxf7 Ne2+ 27.
Kh1 Nf4 28. Rxf4 Rf8 29. g3 Rxf4 30. gxf4 Qh4 31. Kg2 h5 32. Nf3 hxg4 33. Nxh4
Rf8 34. hxg4 Kh7 35. Re1 Kh6 36. Re6+ Kh7 37. Nf5 Kg8 38. Qxg7# 1-0

[Event "Tournoi francophone 004 Groupe E"]
[Site "Skype"]
[Date "????.??.??"]
[Round "9.5"]
[White "Morin, Claude"]
[Black "Schnell, Nicolas"]
[Result "1-0"]
[WhiteElo "1030"]
[BlackElo "1000"]
[PlyCount "41"]

1. e4 e6 2. d4 g5 3. c3 c6 4. Nf3 h6 5. g3 f6 6. Nbd2 Bd6 7. e5 Bc7 8. Ne4 f5
9. Nd6+ Bxd6 10. exd6 Nf6 11. Bd3 g4 12. Nh4 Rf8 13. Bxh6 Rh8 14. Bg5 Rh5 15.
Be3 c5 16. dxc5 Qa5 17. Bd4 Nd5 18. O-O Rg5 19. Qd2 Na6 20. Qxg5 b6 21. Qg8#
1-0

[Event "Tournoi francophone 004 Groupe E"]
[Site "Skype"]
[Date "????.??.??"]
[Round "9.6"]
[White "Bacha, Mehdi"]
[Black "Mimouni, Driss"]
[Result "1-0"]
[WhiteElo "1066"]
[BlackElo "1000"]
[PlyCount "133"]

1. d4 d5 2. e3 Nf6 3. f4 e6 4. Bd3 Nc6 5. Nf3 Bd7 6. O-O Bd6 7. Ne5 Nxe5 8.
fxe5 Bxe5 9. dxe5 Ng4 10. Qxg4 g6 11. Nc3 c6 12. b4 h5 13. Qf3 f6 14. exf6 Rf8
15. Bxg6+ Rf7 16. Bxf7+ Kxf7 17. Qxh5+ Kg8 18. f7+ Kg7 19. f8=Q+ Qxf8 20. Rxf8
Rxf8 21. Bd2 Be8 22. Qg5+ Bg6 23. Na4 Rf5 24. Qe7+ Bf7 25. Bc3+ Kg6 26. Rf1
Rxf1+ 27. Kxf1 b5 28. Nc5 a5 29. Nxe6 axb4 30. Nf4+ Kh7 31. Bxb4 Kg7 32. g4 c5
33. Nh5+ Kg6 34. Bxc5 d4 35. Bxd4 Bxa2 36. Qf6+ Kh7 37. Qb6 Bb1 38. c3 Bg6 39.
Nf6+ Kg7 40. Qxb5 Kf8 41. c4 Bd3+ 42. Kf2 Kf7 43. Ne8 Kg6 44. Kg3 Kf7 45. Nf6
Ke6 46. Qb4 Kf7 47. c5 Kg6 48. c6 Ba6 49. c7 Kf7 50. Qb6 Bc8 51. Qb8 Be6 52.
c8=Q Bxc8 53. Qxc8 Kg6 54. Qg8+ Kh6 55. Qg5+ Kxg5 56. e4 Kg6 57. e5 Kf7 58. h4
Ke6 59. h5 Kf7 60. h6 Kg6 61. h7 Kg7 62. e6 Kh8 63. e7 Kg7 64. e8=Q Kh6 65.
h8=Q+ Kg5 66. Qe5+ Kg6 67. Qh7# 1-0